00780nam a2200229 a 450000100060000000300080000600500170001400800410003103500190007203500180009104000300010904100080013908200210014710000440016824500590021226000550027130000340032665000230036094200120038399900170039595201380041242652BD-RjUL20211209053554.0160614s1947 nyua 000 0 eng  a(BD-RjUL)42770 a(OCoLC)768425 aDLCcOYUdOCoLCdDLCbeng aeng a330.1bCHP 1947 1 aChandler, Lester Vernon,d1905-913024112aA preface to economics /c[by] Lester V. Chandler ... aNew York :aLondon : bHarper & Brothers, c[1947] aix, 289 p. :bill. ; c21 cm. 0aEconomics.9131114 2ddccBK c42652d42652 00102ddc40708NFICaRUCLbRUCLcStackd1955-06-01eZeithlingerg35.00l0o330.1 CHP 1947r2016-06-14 00:00:00tC-2w2016-06-14yBK